000 00436nam a2200193Ia 4500
008 101110s9999 xx 000 0 und d
041 _aENGLISH
082 _bSR13813
_a657.3
100 _aGupta R.L.
245 _aFinancial Accounts
365 _b20
520 _aCommerce
546 _aENGLISH
630 _aFinancial Accounts
650 _aCommerce
655 _aCommerce
730 _aFinancial Accounts
942 _cBOOK
999 _c807952
_d807949